| 000 | 00709cam a22002291 4500 | ||
|---|---|---|---|
| 001 | sa 68002080 | ||
| 003 | DLC | ||
| 005 | 20260227112439.0 | ||
| 008 | 710903s1967 ii 000 0aeng | ||
| 010 | _asa 68002080 | ||
| 025 | _aPL480:I-E-9193 | ||
| 040 |
_aDLC _cDLC _dDLC |
||
| 050 | 0 | 0 |
_aPK2198.G4 _bA24 |
| 082 | 0 | 0 | _a891.43913 |
| 100 | 1 |
_aGhalib, Mirza Asadullah Khan, _d1797-1869. |
|
| 245 | 1 | 0 |
_aMirzā Ghālib; a critical appreciation of Ghalib's thought & verse, _cby R. K. Kuldip. |
| 260 |
_aCalcutta, _bIntertrade Publications, _c1967. |
||
| 300 |
_a112 p. _c19 cm. |
||
| 350 |
_aRs5 _a$2 |
||
| 600 | 1 | 0 |
_aGhalib, Mirza Asadullah Khan, _d1797-1869. |
| 700 | 1 |
_aKuldip, R. K., _d1935- _eed. and tr. |
|
| 999 |
_c78443 _d78443 |
||